[Event "AUTO-OPEN-955"]
[Site "http://www.queenalice.com/game.php?id=329975"]
[Date "2008.1.3"]
[Round "1"]
[White "lawson"]
[Black "umdoistresredondoredondo"]
[Result "0-1"]
[WhiteElo "1161"]
[BlackElo "1789"]

1. e4 e5 2. Nf3 Nc6 3. Bc4 Nd4 4. d3 Nf6 5. Ng5 h6 6. Nxf7 Qe7 7. Nxh8 b5 8.
Bf7+ Kd8 9. O-O d6 10. Be3 Nh7 11. Qh5 Nf6 12. Qg6 Nxc2 13. Nc3 Nxa1 14. Rxa1
Be6 15. Rc1 c6 16. b3 Qd7 17. Ne2 c5 18. a4 bxa4 19. bxa4 Rb8 20. Nc3 Rb7 21.
Rb1 Bxf7 22. Nxf7+ Qxf7 23. Qxf7 Rxf7 24. Bd2 a6 25. Nd5 Nxd5 26. exd5 Kc8 27.
g4 Be7 28. f3 Rxf3 29. Rb6 Rxd3 30. Ba5 Ra3 31. Rc6+ Kd7 32. Rxa6 Rxa4 33. Ra8
c4 34. Kf1 c3 35. Ke1 Bg5 36. Ra7+ Ke8 37. Bb6 c2 0-1

[Event "AUTO-OPEN-955"]
[Site "http://www.queenalice.com/game.php?id=329976"]
[Date "2008.1.3"]
[Round "1"]
[White "umdoistresredondoredondo"]
[Black "lawson"]
[Result "1-0"]
[WhiteElo "1776"]
[BlackElo "1246"]

1. e4 e5 2. Bc4 Bc5 3. Nf3 Qf6 4. Nc3 Ne7 5. d3 d6 6. Bg5 Qg6 7. O-O Nd7 8. Bxe7
Kxe7 9. Nd5+ Kd8 10. Qd2 Nf6 11. Nxf6 gxf6 12. Rae1 c6 13. Nh4 Qg8 14. Qh6 d5
15. exd5 b5 16. Bb3 Qe8 17. Nf5 Bxf5 18. Qxf6+ Be7 19. Qxf5 Rg8 20. Rxe5 Qf8 21.
dxc6 Kc7 22. Qd7+ Kb6 23. Qb7+ Ka5 24. Rxb5# 1-0

[Event "Curitiba x Campos RJ"]
[Site "http://www.queenalice.com/game.php?id=330278"]
[Date "2008.1.3"]
[Round "-"]
[White "lawson"]
[Black "Elias26"]
[Result "1-0"]
[WhiteElo "1212"]
[BlackElo "1495"]

1. e4 e6 2. d3 Qf6 3. Nh3 Nc6 4. Bf4 e5 5. Bg5 Qg6 6. Be2 Bd6 7. Nc3 Bb4 8. O-O
d6 9. Nd5 Bxh3 10. Nxc7+ Kf8 11. gxh3 Rc8 12. h4 Rxc7 13. Bh5 Qe6 14. Qf3 Nd4
15. Bg4 f5 16. Qe3 Bc5 17. Bh5 Nxc2 18. Qc1 Nxa1 19. Qxa1 fxe4 20. dxe4 Nf6 21.
Qd1 Nxh5 22. Qxh5 g6 23. Qh6+ Ke8 24. Be3 Bxe3 25. fxe3 b5 26. Rf3 Rf7 27. Rg3
Qf6 28. Kg2 Qf2+ 29. Kh3 Qxb2 30. h5 gxh5 31. Qe6+ Kf8 32. Qxd6+ Re7 33. Rf3+
Ke8 34. Qb8+ Kd7 35. Qxh8 b4 36. Qb8 a5 37. Qb6 a4 38. Rf6 Qxa2 39. Qxb4 Re6 40.
Rf7+ Ke8 41. Qf8# 1-0

[Event "AUTO-OPEN-956"]
[Site "http://www.queenalice.com/game.php?id=330400"]
[Date "2008.1.3"]
[Round "1"]
[White "lawson"]
[Black "SGrillo"]
[Result "0-1"]
[WhiteElo "1181"]
[BlackElo "1752"]

1. e4 e5 2. Qf3 Qf6 3. Nc3 c6 4. d3 Bb4 5. Bd2 Ne7 6. O-O-O Qxf3 7. Nxf3 f6 8.
Be2 Bxc3 9. Bxc3 O-O 10. d4 exd4 11. Bc4+ d5 12. Bb4 dxc4 13. Bxe7 Re8 14. Bc5
Rxe4 15. Nxd4 Re5 16. Bd6 Rd5 17. Bf4 Kf7 18. h4 Na6 19. h5 Bd7 0-1

[Event "AUTO-OPEN-956"]
[Site "http://www.queenalice.com/game.php?id=330401"]
[Date "2008.1.3"]
[Round "1"]
[White "SGrillo"]
[Black "lawson"]
[Result "1-0"]
[WhiteElo "1754"]
[BlackElo "1179"]

1. e4 e5 2. Nf3 Nc6 3. Bb5 Qf6 4. Bxc6 dxc6 5. h3 Nh6 6. d3 Be6 7. Bxh6 Qxh6 8.
Nc3 O-O-O 9. Nh2 Bc5 10. Qf3 Qh4 11. O-O Rd6 12. Na4 Bd4 13. c3 b5 14. cxd4 Rxd4
15. Nc5 Rhd8 16. Rfd1 Rb4 17. b3 Rd6 18. Rac1 Qe7 19. Ng4 Rd8 20. Nxe5 1-0

[Event "AUTO-INT-740"]
[Site "http://www.queenalice.com/game.php?id=330518"]
[Date "2008.1.4"]
[Round "1"]
[White "animis"]
[Black "lawson"]
[Result "1-0"]
[WhiteElo "1935"]
[BlackElo "1101"]

1. e4 e5 2. f4 exf4 3. Nf3 Bc5 4. d4 Bb6 5. Bxf4 Qf6 6. Be5 Qc6 7. Nc3 d6 8.
Bxg7 Be6 9. Bxh8 Nd7 10. Bb5 Qxc3+ 11. bxc3 O-O-O 12. O-O Ne7 13. Bxd7+ Bxd7 14.
Bf6 Re8 15. c4 Nc6 16. Re1 Rg8 17. c3 Bh3 18. Re2 Ba5 19. Qb3 Rg6 20. Rb1 Nd8
21. Bxd8 Kxd8 22. Nh4 Rg5 23. c5 Be6 24. d5 1-0

[Event "AUTO-INT-740"]
[Site "http://www.queenalice.com/game.php?id=330519"]
[Date "2008.1.4"]
[Round "1"]
[White "lawson"]
[Black "animis"]
[Result "0-1"]
[WhiteElo "1099"]
[BlackElo "1937"]

1. e4 e5 2. Nf3 Nc6 3. Bc4 Nf6 4. d3 Be7 5. Ng5 d5 6. exd5 Na5 7. Bb5+ c6 8.
dxc6 bxc6 9. Ba4 Qb6 10. Qe2 O-O 11. Qxe5 Bb4+ 12. c3 Re8 13. Ne6 Rxe6 14. Qxe6
Bxe6 15. O-O Bd6 16. b4 Nb7 17. Na3 Rd8 18. Be3 Qa6 19. Rac1 Qxa4 20. Nc4 Bb8
21. a3 Bxc4 22. dxc4 Qxa3 23. Rfe1 Ng4 0-1

[Event "AUTO-INT-740"]
[Site "http://www.queenalice.com/game.php?id=330533"]
[Date "2008.1.4"]
[Round "1"]
[White "windows"]
[Black "lawson"]
[Result "1-0"]
[WhiteElo "1469"]
[BlackElo "1247"]

1. e4 e5 2. Bc4 Nf6 3. d3 Bc5 4. Nf3 Na6 5. Bxa6 bxa6 6. Nc3 Rb8 7. b3 O-O 8.
Nxe5 h6 9. O-O d6 10. Na4 Qe8 11. Nxc5 dxe5 12. Nxa6 1-0

[Event "AUTO-INT-740"]
[Site "http://www.queenalice.com/game.php?id=330534"]
[Date "2008.1.4"]
[Round "1"]
[White "lawson"]
[Black "REIUSFENIX"]
[Result "0-1"]
[WhiteElo "1159"]
[BlackElo "1566"]

1. e4 e5 2. Nf3 d6 3. Bc4 f6 4. O-O a6 5. d3 b5 6. Bd5 c6 7. Bxg8 Rxg8 8. Be3
Qe7 9. a4 Qf7 10. Nh4 Be7 11. Nc3 f5 12. Nxf5 Qg6 13. Qf3 d5 14. exd5 Bxf5 15.
dxc6 Nxc6 16. Nd5 Bd6 17. Nb6 Rd8 18. Qxc6+ Bd7 19. Qf3 Rf8 20. Qg3 Qe6 21. axb5
Bxb5 22. Qxg7 Rg8 23. Qxh7 Bc7 24. Qxc7 Qh3 0-1

[Event "AUTO-INT-740"]
[Site "http://www.queenalice.com/game.php?id=330535"]
[Date "2008.1.4"]
[Round "1"]
[White "REIUSFENIX"]
[Black "lawson"]
[Result "1-0"]
[WhiteElo "1491"]
[BlackElo "1263"]

1. e4 e5 2. Qf3 d6 3. Bc4 Qg5 4. Nh3 Bxh3 5. gxh3 Nf6 6. Nc3 Nc6 7. Ne2 O-O-O 8.
d4 Nxd4 9. Nxd4 exd4 10. Bxg5 Re8 11. O-O-O Rxe4 12. Qf5+ Kd8 13. Bxf6+ gxf6 14.
Qxe4 Bh6+ 15. f4 Re8 16. Qxb7 Re5 17. Qb8+ Kd7 18. Rxd4 c5 19. Qb7+ Ke8 20.
Qxf7+ Kd8 21. Rxd6+ Kc8 22. Ba6+ Kb8 23. Qb7# 1-0